000 01025nam a2200253 a 4500
001 40161
003 BD-RjUL
005 20211209053141.0
008 160423s2005 bg a|||| |||| 001 0 ben d
020 _a9840744429
_c: tk. 90.00
035 _a(BD-RjUL)40276
040 _aBD-RjUL
_bben
_cBD-RjUL
041 _aben
082 _223
_a891.4409
_bRAH 2005
100 _aরহমান, মাসুদ
_9123650
245 1 0 _aহুমায়ুন কবির :
_bজীবন ও সাহিত্য
_cমাসুদ রহমান
260 _aঢাকা :
_bবাংলা একাডেমী,
_c২০০৫
300 _a[৬] ১৪৮ পৃ. :
_bচিত্র. ;
_c২৫ সেমি.
500 _aনির্ঘন্ট সংযুক্ত
600 _aকবির, হুমায়ুন
_9123734
650 _aবাংলা সাহিত্য
_xইতিহাস ও সমালোচনা
_9118060
650 _aBengali Literature
_xHistory and Criticism
_9117020
942 _2ddc
_cBK
999 _c40161
_d40161